000 002850000a22001330004500
003 MACL
040 _aMACL
090 _c1863
_d1863
100 _aWaines David
245 _aAn Introduction To Islam
260 _bCambridge University
_c2004
650 _aReligion
942 _cBOOK
_k297.65
999 _c1850
_d1850